Normal view
MARC view
- Dr. Ather Maqsood Ahmad
Entry Personal Name
001 - CONTROL NUMBER
- control field: 55368
003 - CONTROL NUMBER IDENTIFIER
- control field: NUST
005 - DATE AND TIME OF LATEST TRANSACTION
- control field: 20210616121719.0
008 - FIXED-LENGTH DATA ELEMENTS
- fixed length control field: 210616|| aca||aabn | a|a d
040 ## - CATALOGING SOURCE
- Original cataloging agency: NUST
- Transcribing agency: NUST
100 ## - HEADING--PERSONAL NAME
- Personal name: Dr. Ather Maqsood Ahmad
670 ## - SOURCE DATA FOUND
- Source citation: Work cat.: (NUST): Ahmed Masood : Hassan Rehan : Yahya Saeed Khan. 55367, Investigating the Non-Linear relationship Between Debt &Economic Growth in Pakistan /, 2021.
